[Event "Gorges op 29th"]
[Site "Gorges"]
[Date "2019.07.07"]
[Round "5"]
[White "Valdman, Dmitry"]
[Black "Bourdeaux, Angele"]
[Result "0-1"]
[WhiteElo "1355"]
[BlackElo "1700"]
[PlyCount "70"]
[EventDate "2019.07.05"]
[EventType "swiss"]
[EventRounds "5"]
[EventCountry "FRA"]
[SourceTitle "EXT 2020"]
[Source "ChessBase"]
[SourceDate "2019.10.17"]
[SourceVersion "1"]
[SourceVersionDate "2019.10.17"]
[SourceQuality "1"]

1. e4 d6 2. d4 Nf6 3. Nc3 g6 4. Be3 Bg7 5. Qd2 0-0 6. f3 c6 7. 0-0-0 Re8 8. g4 b5 9. h4 Qc7 10. h5 e5 11. hxg6 fxg6 12. Bh6 Bh8 13. Qh2 exd4 14. Rxd4 Nxg4 15. fxg4 Bxd4 16. Nf3 Bh8 17. Bf4 Be5 18. Bxe5 dxe5 19. Bd3 Bxg4 20. Ng5 Re7 21. Qh6 Na6 22. Nd5 cxd5 23. exd5 Bh5 24. Bxb5 Nb4 25. c3 Nxd5 26. Bd3 Ne3 27. Be4 Ng4 28. Bd5+ Kh8 29. Nf7+ Rxf7 30. Qg5 Rf5 31. Qd2 Rd8 32. Rd1 Nf6 33. Rh1 Rxd5 34. Qh6 Qd8 35. Re1 Rd1+ 0-1

[Event "Sautron op (Women)"]
[Site "Sautron"]
[Date "2013.05.10"]
[Round "4"]
[White "Compere, Nathalie"]
[Black "Bourdeaux, Angele"]
[Result "0-1"]
[WhiteElo "1050"]
[BlackElo "1197"]
[PlyCount "54"]
[EventDate "2013.05.08"]
[EventType "swiss"]
[EventRounds "6"]
[EventCountry "FRA"]
[SourceTitle "EXT 2014"]
[Source "ChessBase"]
[SourceDate "2013.11.20"]
[SourceVersion "1"]
[SourceVersionDate "2013.11.20"]
[SourceQuality "1"]

1. e4 d6 2. Nc3 Nf6 3. f4 g6 4. Nf3 Bg7 5. Bb5+ Nbd7 6. 0-0 0-0 7. d3 c5 8. Be3 b6 9. Qd2 Bb7 10. d4 Nxe4 11. Nxe4 Bxe4 12. Rac1 cxd4 13. Bxd4 Bxd4+ 14. Qxd4 Bb7 15. Rce1 Re8 16. Ng5 f6 17. Nh3 e5 18. Qe4 Bxe4 19. Rxe4 exf4 20. Rexf4 g5 21. Rg4 Ne5 22. Rg3 Rf8 23. Rf5 Qc8 24. Rf2 Qc5 25. Be2 Qxc2 26. Kf1 Qc1+ 27. Bd1 Qxd1# 0-1